[Event "Challenge"]
[Site "http://www.queenalice.com/game.php?id=547164"]
[Date "2009.2.26"]
[Round "-"]
[White "ceredro"]
[Black "Kuroi"]
[Result "0-1"]
[WhiteElo "1674"]
[BlackElo "1635"]

1. b3 e5 2. e3 Nc6 3. Nf3 e4 4. Nd4 Qf6 5. Bb2 Nh6 6. Nc3 Nxd4 7. exd4 Qxd4 8.
Nb5 Qxb2 9. Nxc7+ Kd8 10. Nxa8 Qe5 11. Bc4 Ng4 12. O-O Qxh2# 0-1

[Event "Challenge"]
[Site "http://www.queenalice.com/game.php?id=556993"]
[Date "2009.3.16"]
[Round "-"]
[White "Kuroi"]
[Black "ceredro"]
[Result "0-1"]
[WhiteElo "1643"]
[BlackElo "1690"]

1. e4 g6 2. Nc3 Bg7 3. d4 d6 4. Bc4 Nc6 5. Qf3 Nf6 6. d5 Ne5 7. Qe2 Bg4 8. f3
Bd7 9. h3 Nh5 10. g4 Ng3 11. Qg2 Nxh1 12. Be2 e6 13. Qxh1 Qh4+ 14. Kd1 O-O-O 15.
Be3 exd5 16. Nxd5 Nc6 17. f4 Bxb2 18. Nf3 Qg3 19. Rb1 Bd4 20. Bxd4 Nxd4 21. Nxd4
Qa3 22. Bc4 Rhe8 23. Nb5 Bxb5 24. Rxb5 c6 25. Rb3 Qxa2 26. Kd2 cxd5 27. Bxd5
Qa5+ 28. Rc3+ Kd7 29. Bxf7 Rf8 30. Bd5 Rxf4 31. Qh2 Rc8 32. Ke3 Rxe4+ 33. Bxe4
Qxc3+ 34. Bd3 Re8+ 35. Kf3 a5 36. Kf4 Qe5+ 37. Kf3 Qxh2 0-1

[Event "Challenge"]
[Site "http://www.queenalice.com/game.php?id=556994"]
[Date "2009.3.16"]
[Round "-"]
[White "ceredro"]
[Black "Kuroi"]
[Result "1-0"]
[WhiteElo "1675"]
[BlackElo "1658"]

1. b3 e5 2. Bb2 Nc6 3. e3 Bb4 4. Nf3 e4 5. Ne5 f6 6. Qh5+ g6 7. Nxg6 hxg6 8.
Qxh8 Kf8 9. Bc4 d5 10. Be2 Ba5 11. Nc3 a6 12. Qh7 Bf5 13. Ba3+ Bb4 14. Bxb4+
Nxb4 15. O-O Nxc2 16. Rac1 Nb4 17. Nxe4 c6 18. a3 Bxe4 19. Bg4 g5 20. Qh8 Qe8
21. f3 Bd3 22. axb4 Bxf1 23. Kxf1 Ke7 24. Qh7+ Kd8 25. Qxb7 Rb8 26. Qxb8+ Ke7
27. Qxe8+ Kxe8 28. Rxc6 a5 29. bxa5 Ne7 30. Rc7 f5 31. Bh5+ Kd8 32. Rc5 Kd7 33.
a6 Kd6 34. Rc1 Nc6 35. Be8 Kc7 36. Rxc6+ Kd8 37. a7 Kxe8 38. a8=Q+ 1-0

[Event "AUTO-INT-1119"]
[Site "http://www.queenalice.com/game.php?id=575602"]
[Date "2009.4.21"]
[Round "2"]
[White "leo2dipikke"]
[Black "ceredro"]
[Result "0-1"]
[WhiteElo "1919"]
[BlackElo "1706"]

1. e4 b6 2. d4 e6 3. Nf3 Bb7 4. Bd3 Nf6 5. Nc3 Bb4 6. Bg5 Bxc3+ 7. bxc3 h6 8.
Bxf6 Qxf6 9. Qd2 Qg6 10. g3 Bxe4 11. Bxe4 Qxe4+ 12. Qe2 Qf5 13. O-O-O O-O 14. d5
exd5 15. Nd4 Qg5+ 16. f4 Qf6 17. Qf3 c6 18. Rhe1 Qd6 19. Kb1 Na6 20. Ka1 Nc5 21.
Nf5 Qf6 22. Ne7+ Kh8 23. g4 Na4 24. Rd4 Rae8 25. Rxa4 Rxe7 26. Rxe7 Qxe7 27.
Rxa7 Re8 28. a3 b5 29. Rb7 Ra8 30. c4 Rxa3+ 0-1

[Event "AUTO-INT-1119"]
[Site "http://www.queenalice.com/game.php?id=575603"]
[Date "2009.4.21"]
[Round "2"]
[White "ceredro"]
[Black "leo2dipikke"]
[Result "1-0"]
[WhiteElo "1731"]
[BlackElo "1894"]

1. b3 d5 2. Bb2 Nc6 3. e3 e5 4. Bb5 Bd6 5. Bxc6+ bxc6 6. Nf3 e4 7. Bxg7 exf3 8.
Qxf3 Be6 9. Bxh8 Qd7 10. e4 O-O-O 11. O-O Rf8 12. e5 Be7 13. Bg7 Re8 14. Nc3 Bg4
15. Qxf7 Be6 16. Qh5 Bf8 17. Bxf8 Rxf8 18. Qe2 Kb7 19. Na4 Ka8 20. Nc5 Qe7 21.
b4 Rb8 22. c3 Qf7 23. Rab1 d4 24. cxd4 Bxa2 25. e6 Qg7 26. Qa6 Bd5 27. g3 Ne7
28. Rfe1 Qxd4 29. Qd3 Rxb4 30. Rxb4 Qxb4 31. Rb1 Qxc5 32. Qa6 1-0

[Event "AUTO-INT-1119"]
[Site "http://www.queenalice.com/game.php?id=575604"]
[Date "2009.4.21"]
[Round "2"]
[White "Flashinho"]
[Black "ceredro"]
[Result "0-1"]
[WhiteElo "1911"]
[BlackElo "1754"]

1. e4 b6 2. d4 e6 3. Nf3 Bb7 4. Nc3 Bb4 5. Bb5 Bxc3+ 6. bxc3 Bxe4 7. O-O Nf6 8.
Ba3 Nd5 9. c4 Nf4 10. Re1 Bf5 11. h3 a6 12. Ba4 b5 13. Bb3 d6 14. Nh4 Qxh4 15.
Qf3 Ra7 16. Kh2 O-O 17. g4 Nxh3 18. Qxh3 Qxf2+ 19. Qg2 Qxg2+ 20. Kxg2 Bxg4 21.
Bb2 bxc4 22. Bxc4 Rb7 23. Bb3 Rb5 24. c4 Rf5 25. Bc2 Rh5 26. Kg3 Bf5 27. Bxf5
Rxf5 28. Kg4 Nd7 29. Rg1 Rb8 30. Bc3 Nf6+ 31. Kh3 Ne4 32. Be1 Rb2 0-1

[Event "AUTO-INT-1119"]
[Site "http://www.queenalice.com/game.php?id=575605"]
[Date "2009.4.21"]
[Round "2"]
[White "ceredro"]
[Black "Flashinho"]
[Result "1-0"]
[WhiteElo "1776"]
[BlackElo "1901"]

1. b3 e5 2. Bb2 Nc6 3. e3 f5 4. Bc4 Nf6 5. Nf3 d5 6. Bb5 Bd6 7. Bxe5 O-O 8. Bf4
Bxf4 9. Bxc6 bxc6 10. exf4 Re8+ 11. Kf1 Ba6+ 12. d3 Qd6 13. g3 c5 14. Kg2 Bb7
15. Re1 Rxe1 16. Qxe1 d4 17. Nd2 Re8 18. Qf1 Ng4 19. Re1 Rxe1 20. Qxe1 Bc6 21.
h3 Nf6 22. Kf1 Bd5 23. Nc4 Bxc4 24. bxc4 Qc6 25. Qe2 Qa4 26. Qe6+ Kh8 27. Qxf5
Qxc2 28. Qc8+ Ng8 29. Ne5 Qd1+ 30. Kg2 h6 31. Nf7+ Kh7 32. Ne5 Qh5 33. Qxc7 Qf5
34. Qxc5 a6 35. Qxd4 1-0

[Event "Challenge"]
[Site "http://www.queenalice.com/game.php?id=599833"]
[Date "2009.6.7"]
[Round "-"]
[White "knight401"]
[Black "ceredro"]
[Result "0-1"]
[WhiteElo "1520"]
[BlackElo "1810"]

1. e4 b6 2. d3 e6 3. Nf3 Bb7 4. Be2 Bb4+ 5. c3 Bc5 6. Nbd2 Nf6 7. h3 Nh5 8. O-O
Nf4 9. Re1 Qf6 10. Nf1 O-O 11. Be3 Bxe3 12. Nxe3 Qg6 13. Nh2 Nxh3+ 14. Kf1 Nf4
15. Qc2 Nc6 16. d4 Na5 17. Bf3 Ba6+ 18. Kg1 Bd3 19. Qd2 Bb5 20. d5 exd5 21. exd5
Rae8 22. b3 d6 23. Nhf1 Bd7 24. Ng3 Nd3 25. Be4 Rxe4 26. Qxd3 Re5 27. Qa6 f5 28.
Ne2 f4 29. Nf1 f3 30. Neg3 fxg2 31. Kxg2 Rxd5 32. Qxa7 Qf6 33. Ne4 Qf3+ 34. Kg1
Rh5 35. Nfg3 Bh3 0-1

[Event "AUTO-ADV-1357"]
[Site "http://www.queenalice.com/game.php?id=599928"]
[Date "2009.6.7"]
[Round "1"]
[White "ajr"]
[Black "ceredro"]
[Result "1-0"]
[WhiteElo "1725"]
[BlackElo "1816"]

1. e4 b6 2. d4 e6 3. a3 Bb7 4. Nc3 Nf6 5. e5 Nd5 6. Bd2 Nc6 7. Nxd5 exd5 8. Nf3
Ne7 9. Bg5 h6 10. Bxe7 Bxe7 11. b4 Bg5 12. Nxg5 Qxg5 13. Qf3 O-O 14. Bb5 c6 15.
Bd3 Rae8 16. O-O Re6 17. Rfd1 d6 18. exd6 Rxd6 19. Re1 Rf6 20. Qe3 Re6 21. Qxg5
hxg5 22. Rxe6 fxe6 23. Re1 Bc8 24. f3 Rf4 25. c3 g4 26. fxg4 Rxg4 27. Rf1 Rg5
28. h4 Rg3 29. Rf3 Rg4 30. g3 c5 31. dxc5 bxc5 32. bxc5 Ra4 33. Bg6 Rxa3 34. Kf2
Ra2+ 35. Ke3 e5 36. Bf7+ Kh7 37. Bxd5 Ra3 38. Ke4 Ra5 39. c6 Bg4 40. Re3 Bh3 41.
Re2 Bg4 42. Re3 g6 43. Kxe5 1-0

[Event "AUTO-ADV-1357"]
[Site "http://www.queenalice.com/game.php?id=599929"]
[Date "2009.6.7"]
[Round "1"]
[White "ceredro"]
[Black "ajr"]
[Result "1-0"]
[WhiteElo "1796"]
[BlackElo "1739"]

1. b3 d5 2. Bb2 c5 3. e3 a6 4. Nf3 Bg4 5. h3 Bxf3 6. Qxf3 e6 7. Bd3 Nc6 8. Qh5
g6 9. Qg4 f5 10. Qf3 Nf6 11. O-O e5 12. Qg3 e4 13. Be2 Bd6 14. Qg5 O-O 15. c4 d4
16. exd4 cxd4 17. d3 Nh5 18. Qxd8 Raxd8 19. dxe4 Nf4 20. Bf3 Be5 21. exf5 Rxf5
22. Nd2 Nd3 23. Ba3 Bf4 24. Ne4 b6 25. Bg4 Ra5 26. Rfd1 Nc5 27. b4 Rxa3 28. bxc5
b5 29. cxb5 axb5 30. Rab1 b4 31. g3 Be5 32. Be6+ Kg7 33. Bc4 Rc3 34. Nxc3 bxc3
35. Bd3 Rb8 36. Rxb8 Nxb8 37. f4 Bc7 38. Be4 Na6 39. Rxd4 Nxc5 40. Rc4 Bb6 41.
Kg2 Nxe4 42. Rxe4 c2 43. Rc4 c1=Q 44. Rxc1 Kf7 45. g4 Be3 46. Rc7+ Kg8 47. Kf3
Bb6 48. Rb7 Bc5 49. a4 h5 50. a5 Kf8 51. f5 h4 52. f6 Bd6 53. a6 g5 54. a7 Kg8
55. a8=Q+ Bf8 56. Qe8 Kh8 57. Qxf8# 1-0

[Event "AUTO-ADV-1357"]
[Site "http://www.queenalice.com/game.php?id=599944"]
[Date "2009.6.7"]
[Round "1"]
[White "ceredro"]
[Black "Lopesq"]
[Result "1-0"]
[WhiteElo "1814"]
[BlackElo "1804"]

1. b3 d5 2. Bb2 e6 3. e3 Nf6 4. Nf3 c6 5. Bd3 Nbd7 6. Ng5 h6 7. Bxf6 Nxf6 8. Nh3
Ba3 9. Nxa3 Qa5 10. Nb1 O-O 11. O-O e5 12. Be2 Bxh3 13. gxh3 d4 14. exd4 exd4
15. Bf3 Qg5+ 16. Bg2 Rae8 17. Na3 b5 18. Qf3 Re4 19. d3 Rf4 20. Qxc6 Rh4 21. Kh1
b4 22. Nc4 Nh5 23. Rae1 Nf4 24. Rg1 Qf6 25. Be4 Nxh3 26. Qxf6 Nxg1 27. Rxg1 g5
28. Rxg5+ hxg5 29. Qxg5+ 1-0

[Event "AUTO-ADV-1357"]
[Site "http://www.queenalice.com/game.php?id=599945"]
[Date "2009.6.7"]
[Round "1"]
[White "Lopesq"]
[Black "ceredro"]
[Result "1-0"]
[WhiteElo "1879"]
[BlackElo "1830"]

1. Nf3 b6 2. d4 e6 3. c3 Bb7 4. Bf4 Nf6 5. e3 Be4 6. Nbd2 Nc6 7. Ng5 Bd5 8. e4
Qe7 9. exd5 exd5+ 10. Be2 Ne4 11. Ngxe4 dxe4 12. O-O d5 13. Be3 Qd7 14. Bg4 f5
15. Bh3 O-O-O 16. Qh5 g6 17. Qe2 Bd6 18. Qa6+ Kb8 19. a4 Qf7 20. Nb3 f4 21. Bd2
f3 22. a5 fxg2 23. Bxg2 Qf5 24. axb6 cxb6 25. Qb5 Qh5 26. h3 Rc8 27. Nc5 Kc7 28.
Ne6+ Kd7 29. Ng5 Rc7 30. Nf7 Rf8 31. Nxd6 g5 32. Qxd5 Ne7 33. Qxe4 Kxd6 34. Qe5+
Kd7 35. Qb5+ Kd8 36. Qe5 Rf5 37. Qh8+ Kd7 38. Qa8 a5 39. Qe4 Rc8 40. Qb7+ Kd6
41. Qxb6+ Nc6 42. Bxc6 Rxc6 43. Qd8+ Ke6 44. Rae1+ Kf7 45. Qe8+ Kf6 46. Qxh5 Kg7
47. Re7+ 1-0

[Event "AUTO-ADV-1357"]
[Site "http://www.queenalice.com/game.php?id=599946"]
[Date "2009.6.7"]
[Round "1"]
[White "ceredro"]
[Black "Garzhvog"]
[Result "1-0"]
[WhiteElo "1788"]
[BlackElo "1934"]

1. b3 d5 2. Bb2 c5 3. e3 Nc6 4. Bb5 Bd7 5. Nc3 e6 6. Nf3 Nf6 7. Na4 a6 8. Bxf6
Qxf6 9. Nb6 Rd8 10. Bd3 e5 11. Nxd5 Qd6 12. c4 Ne7 13. e4 Nxd5 14. exd5 Be7 15.
Qe2 f6 16. Nh4 O-O 17. Nf5 Bxf5 18. Bxf5 g6 19. Be6+ Kg7 20. O-O Rb8 21. a4 b5
22. axb5 axb5 23. cxb5 Qb6 24. Bd7 Rfd8 25. Bc6 Re8 26. Bxe8 Rxe8 27. h3 Qd6 28.
Ra6 Qxd5 29. Qc4 Qxd2 30. b6 Rd8 31. Ra7 Kf8 32. Rfa1 Rd4 33. Ra8+ Kg7 34. Qg8+
Kh6 35. b7 e4 36. R8a2 Bd6 37. Rxd2 Rxd2 38. g4 1-0

[Event "AUTO-ADV-1357"]
[Site "http://www.queenalice.com/game.php?id=599947"]
[Date "2009.6.7"]
[Round "1"]
[White "Garzhvog"]
[Black "ceredro"]
[Result "1-0"]
[WhiteElo "1970"]
[BlackElo "1797"]

1. e4 b6 2. d4 e6 3. Nf3 Bb7 4. Bd3 Nf6 5. Qe2 Nc6 6. c3 Nh5 7. O-O Nf4 8. Bxf4
Be7 9. Nbd2 O-O 10. Rfe1 Bd6 11. e5 Be7 12. Ne4 d5 13. Neg5 Bxg5 14. Nxg5 h6 15.
Qh5 Qe8 16. Nh7 f6 17. Bg6 Rf7 18. Bxh6 gxh6 19. Nxf6+ Rxf6 20. Bxe8 Rf8 21.
Qg6+ Kh8 22. Qxh6+ Kg8 23. Bg6 Rf5 24. Qh7+ Kf8 25. Bxf5 Nd8 26. Bg6 Bc6 27. Re3
Be8 28. Rf3+ Bf7 29. Bxf7 Ke7 30. Bh5+ 1-0

[Event "AUTO-ADV-1765"]
[Site "http://www.queenalice.com/game.php?id=777323"]
[Date "2010.5.18"]
[Round "1"]
[White "ceredro"]
[Black "QuinhoFogo"]
[Result "1-0"]
[WhiteElo "1830"]
[BlackElo "1762"]

1. b3 e5 2. Bb2 Nc6 3. e3 Bc5 4. d4 exd4 5. exd4 Bb4+ 6. Nd2 Qe7+ 7. Be2 d5 8.
Nf3 Bg4 9. O-O O-O-O 10. Ne5 Bxe2 11. Qxe2 Nxe5 12. dxe5 d4 13. Nf3 h5 14. Bxd4
Bc5 15. Bxc5 Qxc5 16. Qe4 Ne7 17. Ng5 Rd4 18. Qe3 Nf5 19. Qf3 Qxe5 20. Nxf7 Qe8
21. Nxh8 Nh4 22. Qh3+ Kb8 23. c3 Rg4 24. g3 Qxh8 25. f3 Nxf3+ 26. Rxf3 g6 27.
Qf1 1-0

[Event "AUTO-ADV-1765"]
[Site "http://www.queenalice.com/game.php?id=777324"]
[Date "2010.5.18"]
[Round "1"]
[White "QuinhoFogo"]
[Black "ceredro"]
[Result "0-1"]
[WhiteElo "1760"]
[BlackElo "1843"]

1. e4 b6 2. a3 e6 3. d3 Bc5 4. Be3 Bxe3 5. fxe3 Nf6 6. e5 Nd5 7. e4 Ne3 8. Qe2
Nxf1 9. Qxf1 Nc6 10. Nd2 Nxe5 11. O-O-O Ng4 12. Nh3 Ne3 13. Qf3 Nxd1 14. Rxd1
O-O 15. e5 Ba6 16. Nf2 Rc8 17. Nfe4 d6 18. exd6 cxd6 19. g3 Qc7 20. c3 Bb5 21.
b3 d5 22. a4 dxe4 23. dxe4 Ba6 24. Nb1 Bb7 25. c4 Qe5 26. Nc3 a5 27. h4 f5 28.
Qf4 Qxc3+ 29. Kb1 Qxb3+ 30. Kc1 Qxc4+ 31. Kb1 Bxe4+ 32. Ka1 Qxa4+ 0-1

[Event "AUTO-ADV-1765"]
[Site "http://www.queenalice.com/game.php?id=777325"]
[Date "2010.5.18"]
[Round "1"]
[White "ceredro"]
[Black "JulioCG"]
[Result "0-1"]
[WhiteElo "1846"]
[BlackElo "1850"]

1. b3 e5 2. e3 Nf6 3. Bb2 Nc6 4. Bc4 Bb4 5. Bxf7+ Kxf7 6. a3 Ba5 7. Nf3 Re8 8.
Ng5+ Kg8 9. b4 Bb6 10. c4 a6 11. Qc2 d6 12. O-O Ne7 13. c5 dxc5 14. Qc4+ Qd5 15.
Qc2 cxb4 16. axb4 h6 17. Nc3 Qd7 18. Nge4 Nxe4 19. Nxe4 Nc6 20. Ng3 Nxb4 21.
Qc4+ Nd5 22. e4 c6 23. exd5 cxd5 24. Qd3 e4 25. Qb3 Ba7 26. Nh5 Re7 27. Qg3 Qg4
28. Nf6+ gxf6 29. Qd6 Rg7 30. g3 Qf3 31. Ra3 Qg4 32. Bxf6 Rf7 33. Be5 Be6 34.
Rc3 Raf8 35. Rc7 Bxf2+ 36. Rxf2 Qd1+ 37. Kg2 Rxf2# 0-1

[Event "AUTO-ADV-1765"]
[Site "http://www.queenalice.com/game.php?id=777326"]
[Date "2010.5.18"]
[Round "1"]
[White "JulioCG"]
[Black "ceredro"]
[Result "0-1"]
[WhiteElo "1853"]
[BlackElo "1829"]

1. e4 b6 2. Nf3 Bb7 3. Nc3 e6 4. d4 Bb4 5. e5 d6 6. exd6 Qxd6 7. Be2 Nf6 8. O-O
O-O 9. Bg5 Ng4 10. h3 Bxf3 11. hxg4 Bc6 12. Nb5 Qd5 13. f3 Qxg5 14. Nxc7 Qe3+
15. Kh1 Bd2 16. Nxa8 Qf4 17. Kg1 Be3+ 18. Rf2 Bxa8 19. c3 Nd7 20. Kf1 Qg3 0-1

[Event "AUTO-ADV-1765"]
[Site "http://www.queenalice.com/game.php?id=777327"]
[Date "2010.5.18"]
[Round "1"]
[White "ceredro"]
[Black "geniolucio"]
[Result "1-0"]
[WhiteElo "1810"]
[BlackElo "1662"]

1. b3 d6 2. e3 Nf6 3. Bb2 e5 4. Bb5+ c6 5. Bc4 b5 6. Bxf7+ Kxf7 7. Nf3 Ba6 8.
Ng5+ Kg8 9. O-O Nd5 10. Qh5 h6 11. Qf7# 1-0

[Event "AUTO-ADV-1765"]
[Site "http://www.queenalice.com/game.php?id=777328"]
[Date "2010.5.18"]
[Round "1"]
[White "geniolucio"]
[Black "ceredro"]
[Result "0-1"]
[WhiteElo "1645"]
[BlackElo "1820"]

1. e4 b6 2. Nf3 e6 3. Bb5 Nf6 4. Nc3 Bb7 5. d3 Bc5 6. O-O Ng4 7. d4 Bb4 8. Ne5
Nxe5 9. dxe5 Bxc3 10. bxc3 Bxe4 11. Ba3 Qg5 12. f3 Qxe5 13. Re1 Qxb5 14. Rxe4
Na6 15. c4 Qa4 16. Bb2 O-O 17. h3 Qb4 18. Rb1 Nc5 19. Rg4 g6 20. Qd4 f6 21. Bc3
Qxb1+ 22. Kh2 e5 23. Qd5+ Ne6 24. Qxd7 Nf4 25. Rh4 h5 26. Qxc7 Qxc2 27. Rxf4
exf4 28. Bb4 Rfe8 29. Qxf4 Re2 0-1

[Event "AUTO-ADV-1765"]
[Site "http://www.queenalice.com/game.php?id=830947"]
[Date "2010.9.10"]
[Round "2"]
[White "FPM"]
[Black "ceredro"]
[Result "1-0"]
[WhiteElo "1898"]
[BlackElo "1850"]

1. e4 b6 2. d4 e6 3. Nf3 Bb7 4. Bd3 Nf6 5. Bg5 Be7 6. Qe2 h6 7. Bh4 O-O 8. c4
Bb4+ 9. Nc3 g5 10. Nxg5 Nxe4 11. Bxe4 Bxe4 12. Qxe4 hxg5 13. Qxa8 gxh4 14. Qf3
Qg5 15. O-O Nc6 16. Ne4 Qg6 17. Rad1 f5 18. Nc3 a6 19. h3 Bd6 20. d5 Ne5 21. Qe2
f4 22. f3 Bc5+ 23. Kh1 Rf7 24. Qxe5 Rg7 25. Qe2 Be3 26. dxe6 Qxe6 27. Nd5 Bc5
28. Qxe6+ dxe6 29. Nxf4 e5 30. Ne6 Re7 31. Nxc5 bxc5 32. Rd5 e4 33. fxe4 Rxe4
34. Rxc5 Re2 35. Rxc7 Rxb2 36. Rd1 Rb8 37. Rd4 a5 38. c5 a4 39. Rxa4 Rf8 40. c6
Rf7 41. Rxf7 Kxf7 42. c7 Ke6 43. c8=Q+ Kd5 44. Qc4+ Ke5 45. Qb5+ Kd6 46. Ra6+
Kc7 47. Qb6+ Kc8 48. a4 Kd7 49. Qb7+ Kd8 50. Ra8# 1-0

[Event "AUTO-ADV-1765"]
[Site "http://www.queenalice.com/game.php?id=830948"]
[Date "2010.9.10"]
[Round "2"]
[White "ceredro"]
[Black "FPM"]
[Result "0-1"]
[WhiteElo "1856"]
[BlackElo "1953"]

1. b3 d5 2. e3 e5 3. Bb2 Bd6 4. Nf3 Qe7 5. Nc3 Bg4 6. Nxd5 Qd7 7. Bc4 Ne7 8.
Nxe7 Qxe7 9. Bd5 c6 10. Be4 Nd7 11. d4 O-O 12. Qd3 Nf6 13. dxe5 Nxe4 14. Qxe4
Bxf3 15. Qxf3 Bxe5 16. O-O-O Qf6 17. Bxe5 Qxe5 18. Qg4 Rad8 19. Rxd8 Rxd8 20. h4
Qa1# 0-1

[Event "AUTO-ADV-1765"]
[Site "http://www.queenalice.com/game.php?id=830953"]
[Date "2010.9.10"]
[Round "2"]
[White "ceredro"]
[Black "mateusamorim96"]
[Result "1/2-1/2"]
[WhiteElo "1844"]
[BlackElo "1994"]

1. b3 d5 2. e3 Nf6 3. Bb2 e6 4. Nf3 Bd6 5. Bd3 O-O 6. Ng5 h6 7. Nh3 e5 8. Nc3
Bxh3 9. gxh3 Qd7 10. Nb5 Qxh3 11. Qe2 a6 12. Nxd6 cxd6 13. Ba3 e4 14. Bxe4 dxe4
15. Bxd6 Re8 16. O-O-O Nc6 17. Bf4 Rac8 18. Rdg1 g6 19. Rg3 Qe6 20. Bxh6 Nb4 21.
c3 Nd3+ 22. Kd1 Nd5 23. c4 Qd7 24. Qh5 Ne5 25. Rhg1 Qc6 26. Rg5 Nc3+ 27. Kc2 Qd6
28. dxc3 Qd3+ 29. Kb2 Qd2+ 30. Kb1 Qd3+ 31. Kb2 Qd2+ 32. Kb1 Qd3+ 33. Kb2
1/2-1/2

[Event "AUTO-ADV-1765"]
[Site "http://www.queenalice.com/game.php?id=830954"]
[Date "2010.9.10"]
[Round "2"]
[White "mateusamorim96"]
[Black "ceredro"]
[Result "0-1"]
[WhiteElo "1840"]
[BlackElo "1821"]

1. d4 b6 2. c4 e6 3. a3 Bb7 4. Nc3 Nf6 5. Bg5 Nc6 6. Nf3 h6 7. Bh4 g5 8. Bg3 Na5
9. e3 Qe7 10. b4 g4 11. Ne5 Nc6 12. Nxg4 Nxg4 13. Qxg4 h5 14. Qd1 O-O-O 15. f3
f5 16. Bd3 h4 17. Bf2 Qg5 18. Rg1 Rg8 19. g3 h3 20. c5 d6 21. cxb6 axb6 22. Rc1
Ne7 23. Na4 Nd5 24. Qc2 Kd7 25. Bb5+ Ke7 26. e4 fxe4 27. fxe4 c6 28. exd5 cxb5
29. g4 bxa4 30. Qh7+ Rg7 31. Bh4 Rxh7 32. Bxg5+ Ke8 33. Bxd8 Kxd8 34. dxe6 Bd5
35. b5 Bxe6 36. Rc6 Rg7 37. Rxb6 Bxg4 38. Ra6 Re7+ 39. Kd2 Bh6+ 40. Kc3 Re3+ 41.
Kb4 Bd7 42. Kxa4 Bf4 43. Ra8+ Ke7 44. Rh1 Re4 45. Ka5 Rxd4 46. Kb6 Rd5 47. a4
Rd2 48. Rh8 Rxh2 49. Rxh2 Bxh2 50. Kc7 d5+ 51. Kb7 d4 52. Rh4 Be5 53. a5 d3 54.
Re4 Kf6 55. Re3 Bf5 56. a6 d2 57. a7 h2 0-1

[Event "Challenge"]
[Site "http://www.queenalice.com/game.php?id=830991"]
[Date "2010.9.10"]
[Round "-"]
[White "ceredro"]
[Black "jorm"]
[Result "0-1"]
[WhiteElo "1836"]
[BlackElo "1859"]

1. b3 e5 2. e3 d5 3. Bb2 Bd6 4. Nf3 f6 5. Bb5+ c6 6. Be2 h6 7. d4 e4 8. Nh4 Ne7
9. Bh5+ Kf8 10. Nd2 Be6 11. c4 Rg8 12. c5 Bc7 13. Bc3 g6 14. Bg4 f5 15. Bxf5
Nxf5 16. Nxf5 Bxf5 17. f3 Qh4+ 18. g3 Bxg3+ 19. Ke2 Bc7 20. Qf1 b6 21. fxe4 dxe4
22. Qf2 Qe7 23. b4 Kg7 24. d5+ Be5 25. d6 Qe6 26. Rac1 Bxc3 27. Rxc3 Qxa2 28.
Rc4 Rf8 29. Qg2 Re8 30. Rf1 Re5 31. Rd4 Rd5 32. h4 h5 33. Rg1 Bg4+ 34. Kf2 Rxd4
35. exd4 Qxd2+ 36. Kg3 Qxd4 37. Kf4 Nd7 38. Qxe4 Rf8+ 0-1